<?xml version="1.0" encoding="UTF-8"?>
<record
    xmlns:xsi="http://www.w3.org/2001/XMLSchema-instance"
    xsi:schemaLocation="http://www.loc.gov/MARC21/slim http://www.loc.gov/standards/marcxml/schema/MARC21slim.xsd"
    xmlns="http://www.loc.gov/MARC21/slim">

  <leader>02051nab a22002777a 4500</leader>
  <datafield tag="999" ind1=" " ind2=" ">
    <subfield code="c">5667</subfield>
    <subfield code="d">5667</subfield>
  </datafield>
  <controlfield tag="003">OSt</controlfield>
  <controlfield tag="005">20251226215225.0</controlfield>
  <controlfield tag="008">190603e        xxum|||| |||| 00| 0 spa d</controlfield>
  <datafield tag="040" ind1=" " ind2=" ">
    <subfield code="c">PJ</subfield>
  </datafield>
  <datafield tag="100" ind1=" " ind2=" ">
    <subfield code="9">6387</subfield>
    <subfield code="a">Leiva, Claudio Fabricio</subfield>
  </datafield>
  <datafield tag="245" ind1="1" ind2="3">
    <subfield code="a">La responsabilidad por da&#xF1;os causados por animales: otra vez sobre la "categor&#xED;a" del da&#xF1;o est&#xE9;tico y la b&#xFA;squeda de la reparaci&#xF3;n plena /</subfield>
    <subfield code="c">Claudio Fabricio Leiva. </subfield>
  </datafield>
  <datafield tag="260" ind1=" " ind2=" ">
    <subfield code="c">Ciudad Aut&#xF3;noma de Buenos Aires :</subfield>
    <subfield code="a">Thomson Reuters La Ley, </subfield>
    <subfield code="b">2025.</subfield>
  </datafield>
  <datafield tag="300" ind1=" " ind2=" ">
    <subfield code="a">p. 228-239</subfield>
  </datafield>
  <datafield tag="500" ind1=" " ind2=" ">
    <subfield code="a">Cita: TR LALEY AR/DOC/1057/2025 
Publicado en: RCCyC 2025 (junio).</subfield>
  </datafield>
  <datafield tag="505" ind1=" " ind2=" ">
    <subfield code="a">Sumario: I. Objetivos del presente comentario.&#x2014; II. Plataforma f&#xE1;ctica del caso: hechos invocados en la demanda y en la contestaci&#xF3;n. Los hechos controvertidos de acuerdo con las posiciones asumidas por las partes.&#x2014; III. La sentencia de primera instancia y los agravios vertidos por las partes en sus respectivos recursos de apelaci&#xF3;n. La decisi&#xF3;n de la C&#xE1;mara y sus argumentos centrales.&#x2014; IV. Algunos aspectos relevantes de la responsabilidad por da&#xF1;os causados por animales en el r&#xE9;gimen del C&#xF3;d. Civ. y Com.&#x2014; V. El da&#xF1;o resarcible y la clasificaci&#xF3;n de los da&#xF1;os.&#x2014; VI. La consecuencia da&#xF1;osa como objeto de reparaci&#xF3;n: categor&#xED;as de da&#xF1;os. El da&#xF1;o est&#xE9;tico: car&#xE1;cter patrimonial o no patrimonial de la consecuencia lesiva.&#x2014; VII. Conclusiones. </subfield>
  </datafield>
  <datafield tag="505" ind1=" " ind2=" ">
    <subfield code="a">Fallo comentado: CNCiv., sala D ~ 18/09/2024 ~ Demiddi, Roc&#xED;o c. Argento, Sergio Hugo s/ da&#xF1;os y perjuicios.</subfield>
  </datafield>
  <datafield tag="505" ind1=" " ind2=" ">
    <subfield code="t">&#xBF;Te interesa el texto completo? Solicitalo al correo: koha@justierradelfuego.gov.ar</subfield>
  </datafield>
  <datafield tag="650" ind1=" " ind2="0">
    <subfield code="9">1497</subfield>
    <subfield code="a">CODIGO CIVIL Y COMERCIAL</subfield>
  </datafield>
  <datafield tag="650" ind1=" " ind2="0">
    <subfield code="9">1467</subfield>
    <subfield code="a">RESPONSABILIDAD CIVIL</subfield>
  </datafield>
  <datafield tag="650" ind1=" " ind2="0">
    <subfield code="9">2823</subfield>
    <subfield code="a">DA&#xD1;OS Y PERJUICIOS</subfield>
  </datafield>
  <datafield tag="650" ind1=" " ind2="0">
    <subfield code="9">3332</subfield>
    <subfield code="a">DA&#xD1;O RESARCIBLE</subfield>
  </datafield>
  <datafield tag="650" ind1=" " ind2="0">
    <subfield code="9">3452</subfield>
    <subfield code="a">DA&#xD1;O CAUSADO POR ANIMALES</subfield>
  </datafield>
  <datafield tag="650" ind1=" " ind2="0">
    <subfield code="9">3565</subfield>
    <subfield code="a">DA&#xD1;O EST&#xC9;TICO</subfield>
  </datafield>
  <datafield tag="773" ind1="0" ind2=" ">
    <subfield code="0">2713</subfield>
    <subfield code="9">3170</subfield>
    <subfield code="d">Ciudad Aut&#xF3;noma de Buenos Aires : Thomson Reuters La Ley, 2015-</subfield>
    <subfield code="t">Revista C&#xF3;digo Civil y Comercial. N&#xBA; 3 - Junio 2025</subfield>
  </datafield>
  <datafield tag="942" ind1=" " ind2=" ">
    <subfield code="2">udc</subfield>
    <subfield code="c">ANA</subfield>
  </datafield>
</record>
